000 00556nam a22001937a 4500
001 00260
003 DO-SdBNP
005 20180222103842.0
008 151209b 1972 xxu ||||| |||| 00| 0 spa d
020 _a0142401013
040 _aBPMSU
_bspa
_cBPMSU
100 1 _a Blume, Judy
245 1 0 _aTales of a fourth grade nothing /
_cJudy Blume ; illustrated by Roy Doty.
260 _aNew York :
_bPuffin Books,
_c1972.
300 _a110 p. ;
_c20 cm.
942 _2ddc
_cBK
945 _aInventariado, 2018 /LP
956 _aLOPEREZ
_b10
_c20151209
_hBPMSU
999 _c9061
_d9061